000 00585nam a22002417a 4500
003 UA-OsUOA
001 30086
007 ta
008 20041103b un ||||| |||| 00| 0 ukr d
100 _aРанну Н.
090 _a913(474.2)
_bР22
942 _cBK
040 _aUA-OsUOA
_brus
_cUA-OsUOA
_dUA-OsUOA
245 _aПрошлое старого Таллина
300 _a85 с.
_bІлюстрації
955 _a0
041 _arus
080 _a913(474.2)
260 _aТаллин
_bПериодика
_c1983
044 _aEE
650 7 _2UDC
999 _c316493
_d316493